[Event "URU-chTA"]
[Site "Uruguay"]
[Date "2017.07.08"]
[Round "2.2"]
[White "Castro, Cesar"]
[Black "Lopez, Aldi"]
[Result "1/2-1/2"]
[WhiteElo "2079"]
[BlackElo "2019"]
[PlyCount "108"]
[EventDate "2017.07.07"]
[EventType "team-swiss"]
[EventRounds "5"]
[EventCountry "URU"]
[SourceTitle "EXT 2018"]
[Source "ChessBase"]
[SourceDate "2017.10.13"]
[SourceVersion "1"]
[SourceVersionDate "2017.10.13"]
[SourceQuality "1"]
[WhiteTeam "Casa de Cultura Minas"]
[BlackTeam "Cosmopolita Union"]
[WhiteTeamCountry "URU"]
[BlackTeamCountry "URU"]

1. e4 Nf6 2. Nc3 d5 3. e5 Nfd7 4. d4 c5 5. dxc5 e6 6. Nf3 Nc6 7. Bg5 Qa5 8. a3 Qxc5 9. Be3 Qa5 10. b4 Qc7 11. Nb5 Qb8 12. Bf4 a6 13. Nd6+ Bxd6 14. exd6 b5 15. Bd3 e5 16. Bg3 e4 17. Ng5 0-0 18. Be2 Bb7 19. 0-0 h6 20. Nh3 Nce5 21. f3 exf3 22. gxf3 Qxd6 23. f4 Nc6 24. f5 Nde5 25. f6 d4 26. Bd3 Nd8 27. Bxe5 Qxe5 28. Qg4 Qe3+ 29. Rf2 Ne6 30. Kf1 Ng5 31. Nf4 Rae8 32. fxg7 Kxg7 33. Qf5 Qe5 34. Nh5+ Kh8 35. Qg4 Qd5 36. Ng3 Nf3 37. Qh3 Qg5 38. Rd1 Re3 39. Qf5 Qxf5 40. Nxf5 Re5 41. h4 Rg8 42. Rxf3 Bxf3 43. Rd2 Be4 44. Nxh6 Rg7 45. Be2 Kh7 46. Ng4 Rf5+ 47. Ke1 Bf3 48. Rxd4 Bxg4 49. Bxg4 Re5+ 50. Kf2 f5 51. Bf3 Rc7 52. Rd2 f4 53. Be2 Re3 54. Bd3+ Kh6 1/2-1/2

[Event "URU-ch Amateur"]
[Site "Colonia del Sacramento"]
[Date "2016.07.17"]
[Round "4.12"]
[White "Lopez, Aldi"]
[Black "Appoloni, Facundo Jose"]
[Result "1-0"]
[WhiteElo "2001"]
[BlackElo "1520"]
[PlyCount "83"]
[EventDate "2016.07.15"]
[EventType "swiss"]
[EventRounds "7"]
[EventCountry "URU"]
[SourceTitle "EXT 2024"]
[Source "ChessBase"]
[SourceDate "2023.10.10"]
[SourceVersion "1"]
[SourceVersionDate "2023.10.10"]
[SourceQuality "1"]

1. d4 Nf6 2. e3 g6 3. h4 d5 4. Bd3 c6 5. Nd2 Bg7 6. Qe2 Qc7 7. f4 e6 8. g4 c5 9. c3 b6 10. h5 gxh5 11. g5 Nfd7 12. Rxh5 Bb7 13. Rxh7 Rxh7 14. Bxh7 Nc6 15. Qg4 Ne7 16. Ngf3 0-0-0 17. Ne5 Nxe5 18. fxe5 Rh8 19. Bd3 Qd7 20. Nf1 Rg8 21. Qh5 Qe8 22. Bd2 Rh8 23. Qf3 Kb8 24. 0-0-0 Rf8 25. Ng3 Qc8 26. Rh1 Nc6 27. Kb1 Qd8 28. Qf4 Ne7 29. Nh5 Ng6 30. Qg3 Rh8 31. Rh2 Bf8 32. Nf6 Be7 33. Bxg6 fxg6 34. Rh6 Bxf6 35. exf6+ Kc8 36. Rxg6 Bc6 37. Rg7 Bd7 38. Qd6 e5 39. Qxe5 Bb5 40. Kc2 cxd4 41. exd4 Bd7 42. Bf4 1-0

[Event "URU-ch sf"]
[Site "Colonia del Sacramento"]
[Date "2015.02.13"]
[Round "1"]
[White "Lopez, Aldi"]
[Black "Malan, Lucia"]
[Result "1-0"]
[WhiteElo "2018"]
[BlackElo "1215"]
[PlyCount "39"]
[EventDate "2015.02.13"]
[EventType "swiss"]
[EventRounds "9"]
[EventCountry "URU"]
[SourceTitle "EXT 2017"]
[Source "ChessBase"]
[SourceDate "2016.10.25"]
[SourceVersion "1"]
[SourceVersionDate "2016.10.25"]
[SourceQuality "1"]

1. e4 c5 2. Nf3 d6 3. d4 cxd4 4. Nxd4 Nf6 5. Nc3 g6 6. Be3 Bg7 7. Qd2 0-0 8. 0-0-0 Bd7 9. f3 Nc6 10. g4 Nxd4 11. Bxd4 Qa5 12. Kb1 Rfe8 13. h4 Bc6 14. h5 Rad8 15. hxg6 fxg6 16. Bc4+ Kh8 17. Bxf6 exf6 18. Rxh7+ Kxh7 19. Rh1+ Bh6 20. Qxh6# 1-0

[Event "URU-chT Departamental"]
[Site "Punta del Este"]
[Date "2014.11.07"]
[Round "1.61"]
[White "Lopez, Aldi"]
[Black "Ibanez Iglesias, Juan Rodrigo"]
[Result "0-1"]
[WhiteElo "2050"]
[BlackElo "2044"]
[PlyCount "72"]
[EventDate "2014.11.07"]
[EventType "team-swiss"]
[EventRounds "5"]
[EventCountry "URU"]
[SourceTitle "EXT 2017"]
[Source "ChessBase"]
[SourceDate "2016.10.25"]
[SourceVersion "1"]
[SourceVersionDate "2016.10.25"]
[SourceQuality "1"]

1. e4 e5 2. Nf3 d6 3. d4 exd4 4. Qxd4 Nf6 5. Nc3 Be7 6. Bg5 0-0 7. h3 Be6 8. Bb5 a6 9. Ba4 b5 10. Bb3 c5 11. Qe3 c4 12. Rd1 Qc7 13. 0-0 Nbd7 14. Nd5 Bxd5 15. exd5 Rfe8 16. c3 cxb3 17. axb3 Bf8 18. Qd3 h6 19. Bh4 Nc5 20. Qf5 Nce4 21. Nd4 Re5 22. Qf3 Rxd5 23. Bxf6 Nxf6 24. Rfe1 Rc8 25. b4 Re5 26. Nf5 Rxe1+ 27. Rxe1 Re8 28. Rxe8 Nxe8 29. Qg3 g6 30. Nh4 Bg7 31. Qf3 Qe7 32. g3 Qe6 33. Kh2 d5 34. Ng2 Qe4 35. Qd1 d4 36. f3 Qe5 0-1

[Event "La Paloma op 3rd"]
[Site "La Paloma"]
[Date "2014.02.15"]
[Round "3"]
[White "Lopez, Aldi"]
[Black "Michailov, Matias"]
[Result "0-1"]
[WhiteElo "2058"]
[BlackElo "2127"]
[PlyCount "114"]
[EventDate "2014.02.14"]
[EventType "swiss"]
[EventRounds "5"]
[EventCountry "URU"]
[SourceTitle "EXT 2018"]
[Source "ChessBase"]
[SourceDate "2017.10.13"]
[SourceVersion "1"]
[SourceVersionDate "2017.10.13"]
[SourceQuality "1"]

1. d4 e6 2. c4 Nf6 3. Nc3 Bb4 4. e3 c5 5. Nge2 cxd4 6. exd4 d5 7. a3 Bxc3+ 8. Nxc3 dxc4 9. Bxc4 0-0 10. 0-0 Nc6 11. Be3 b6 12. Rc1 Bb7 13. Ba2 Qd6 14. Nb5 Qd7 15. Bf4 Ba6 16. a4 Rac8 17. Be3 Nb4 18. Bc4 Rc6 19. Qd2 Nbd5 20. Bxd5 Nxd5 21. Rxc6 Qxc6 22. Rc1 Qd7 23. Nc3 Nxc3 24. Qxc3 Qxa4 25. b3 Qb5 26. Qc7 Qxb3 27. Qxa7 Bc4 28. Qa1 b5 29. Rc3 Qb4 30. Qc1 Ra8 31. h3 Qa4 32. Kh2 Qa1 33. Qd2 Ra2 34. Rc2 Rxc2 35. Qxc2 Qf1 36. Qe4 Bd5 37. Qg4 h6 38. Qg3 Kh7 39. Bf4 b4 40. Be5 f6 41. Bd6 b3 42. Ba3 Qb1 43. Qc3 Qe4 44. f3 Qe2 45. h4 Kg6 46. Kg3 Bc4 47. Bb2 h5 48. Bc1 Kf5 49. Qa5+ Bd5 50. Qc3 g5 51. hxg5 fxg5 52. Qc7 Qe1+ 53. Kh2 Qh4+ 54. Kg1 Qxd4+ 55. Kh1 Qh4+ 56. Kg1 Qe1+ 57. Kh2 Qe5+ 0-1

[Event "La Paloma-B 3rd"]
[Site "La Paloma"]
[Date "2014.02.12"]
[Round "5"]
[White "Barboza, Mauro"]
[Black "Lopez, Aldi"]
[Result "1/2-1/2"]
[WhiteElo "2020"]
[BlackElo "2058"]
[PlyCount "92"]
[EventDate "2014.02.10"]
[EventType "tourn"]
[EventRounds "7"]
[EventCountry "URU"]
[SourceTitle "EXT 2018"]
[Source "ChessBase"]
[SourceDate "2017.10.13"]
[SourceVersion "1"]
[SourceVersionDate "2017.10.13"]
[SourceQuality "1"]

1. e4 c5 2. Nf3 Nc6 3. d4 cxd4 4. Nxd4 e5 5. Nb5 a6 6. Nd6+ Bxd6 7. Qxd6 Qf6 8. Qxf6 Nxf6 9. f3 d5 10. exd5 Nxd5 11. c3 Be6 12. Na3 Rd8 13. Nc4 0-0 14. Be2 b5 15. Ne3 Nf4 16. Kf2 Nxe2 17. Kxe2 Rd7 18. Rd1 Rfd8 19. Rxd7 Rxd7 20. b3 f5 21. Bb2 f4 22. Nd1 e4 23. Nf2 e3 24. Ne4 Bf5 25. Rd1 Rxd1 26. Kxd1 Bxe4 27. fxe4 Kf7 28. Ke2 Ke6 29. c4 g5 30. cxb5 axb5 31. Bc3 b4 32. Bg7 h5 33. Bb2 Na7 34. a3 bxa3 35. Bxa3 Nb5 36. Bb2 Nd6 37. Kf3 e2 38. Kxe2 Nxe4 39. Bd4 g4 40. Kd3 Kd5 41. Ba7 Nd6 42. Bb8 h4 43. Ke2 Nf5 44. Bxf4 Nd4+ 45. Kf2 Nxb3 46. Bg5 g3+ 1/2-1/2

[Event "La Paloma-B 3rd"]
[Site "La Paloma"]
[Date "2014.02.12"]
[Round "4"]
[White "Lopez, Aldi"]
[Black "Izquierdo, Sebastian"]
[Result "1/2-1/2"]
[WhiteElo "2058"]
[BlackElo "2026"]
[PlyCount "38"]
[EventDate "2014.02.10"]
[EventType "tourn"]
[EventRounds "7"]
[EventCountry "URU"]
[SourceTitle "EXT 2018"]
[Source "ChessBase"]
[SourceDate "2017.10.13"]
[SourceVersion "1"]
[SourceVersionDate "2017.10.13"]
[SourceQuality "1"]

1. d4 Nf6 2. c4 e6 3. Nf3 Bb4+ 4. Bd2 Qe7 5. e3 Bxd2+ 6. Qxd2 b6 7. Nc3 Bb7 8. d5 d6 9. dxe6 fxe6 10. Be2 0-0 11. Rd1 Nbd7 12. Qd4 a5 13. b3 Nc5 14. Qh4 Rae8 15. 0-0 Nfe4 16. Qxe7 Rxe7 17. Nxe4 Nxe4 18. Bd3 Nc5 19. Be2 Ne4 1/2-1/2

[Event "La Paloma-B 3rd"]
[Site "La Paloma"]
[Date "2014.02.11"]
[Round "3"]
[White "Ibanez Iglesias, Juan Rodrigo"]
[Black "Lopez, Aldi"]
[Result "1-0"]
[WhiteElo "2006"]
[BlackElo "2058"]
[PlyCount "55"]
[EventDate "2014.02.10"]
[EventType "tourn"]
[EventRounds "7"]
[EventCountry "URU"]
[SourceTitle "EXT 2018"]
[Source "ChessBase"]
[SourceDate "2017.10.13"]
[SourceVersion "1"]
[SourceVersionDate "2017.10.13"]
[SourceQuality "1"]

1. e4 Nf6 2. e5 Nd5 3. c4 Nb6 4. d4 d6 5. exd6 exd6 6. Nc3 Be7 7. Be3 Nc6 8. Be2 Bf5 9. Nf3 Bf6 10. Rc1 Qe7 11. 0-0 g5 12. Nd5 Nxd5 13. cxd5 Nd8 14. Bb5+ c6 15. dxc6 bxc6 16. Rxc6 0-0 17. Rc1 Rb8 18. a4 d5 19. Ne5 Qb7 20. Qf3 Bxe5 21. Qxf5 Bg7 22. Bd3 f6 23. Qxh7+ Kf7 24. Bg6+ Ke6 25. Qh3+ Kd6 26. Qg3+ Kd7 27. Bf5+ Ke8 28. Rc7 1-0

[Event "La Paloma-B 3rd"]
[Site "La Paloma"]
[Date "2014.02.10"]
[Round "1"]
[White "Pinero, Ismael"]
[Black "Lopez, Aldi"]
[Result "0-1"]
[WhiteElo "1891"]
[BlackElo "2058"]
[PlyCount "124"]
[EventDate "2014.02.10"]
[EventType "tourn"]
[EventRounds "7"]
[EventCountry "URU"]
[SourceTitle "EXT 2018"]
[Source "ChessBase"]
[SourceDate "2017.10.13"]
[SourceVersion "1"]
[SourceVersionDate "2017.10.13"]
[SourceQuality "1"]

1. e4 Nf6 2. e5 Nd5 3. c4 Nb6 4. d4 d6 5. exd6 exd6 6. Nc3 Be7 7. Bd3 Nc6 8. Nge2 0-0 9. 0-0 Nb4 10. Be4 Nxc4 11. Qb3 d5 12. Nxd5 Nxd5 13. Qxc4 Be6 14. Qa4 c6 15. Nc3 Nf6 16. Bf3 Qb6 17. Nd1 Nd5 18. Bd2 Bf6 19. Bc3 Rfd8 20. Ne3 Qc7 21. Rfd1 Qf4 22. Nxd5 Bxd5 23. Bxd5 Rxd5 24. Qb3 Rb5 25. Qc4 Rh5 26. g3 Qh6 27. Bd2 Qg6 28. Be3 Qg4 29. Qf1 Rd8 30. Rd2 Bxd4 31. Rad1 Rhd5 32. Qc4 c5 33. b4 b6 34. bxc5 bxc5 35. Qa6 Qd7 36. Qc4 h5 37. h4 Qg4 38. Qf1 g5 39. hxg5 h4 40. Bxd4 Rxd4 41. Rxd4 Rxd4 42. Rxd4 Qxd4 43. gxh4 Qxh4 44. Qc1 Qd4 45. Kf1 Qd3+ 46. Ke1 Qe4+ 47. Qe3 Qb1+ 48. Ke2 Qxa2+ 49. Kf3 Qd5+ 50. Kf4 a5 51. f3 Qd6+ 52. Kf5 Qd7+ 53. Kf4 Qd6+ 54. Kf5 c4 55. Qe8+ Kg7 56. Qa4 Qd5+ 57. Kg4 c3 58. Qc2 Qc4+ 59. Kh5 a4 60. f4 a3 61. Qf5 Qe6 62. Qd3 Qg6+ 0-1

[Event "URU-chTB"]
[Site "Punta del Este"]
[Date "2013.08.17"]
[Round "2.12"]
[White "Lopez, Aldi"]
[Black "De Leon, Patricia O"]
[Result "1-0"]
[WhiteElo "2058"]
[BlackElo "1855"]
[PlyCount "79"]
[EventDate "2013.08.16"]
[EventType "team-swiss"]
[EventRounds "5"]
[EventCountry "URU"]
[SourceTitle "EXT 2018"]
[Source "ChessBase"]
[SourceDate "2017.10.13"]
[SourceVersion "1"]
[SourceVersionDate "2017.10.13"]
[SourceQuality "1"]

1. d4 e6 2. Nf3 Nf6 3. Bg5 d5 4. e3 Be7 5. Nbd2 Nbd7 6. Bd3 c5 7. c3 cxd4 8. exd4 Qc7 9. Qe2 Bd6 10. 0-0 0-0 11. Rfe1 b6 12. Ne5 Bb7 13. f4 a6 14. Qf2 b5 15. Qh4 Ne4 16. Re3 f5 17. Rh3 Nxg5 18. fxg5 Nxe5 19. dxe5 Bc5+ 20. Kh1 g6 21. Qf4 Rad8 22. Nb3 Bb6 23. Nd4 Qd7 24. Rf3 Rc8 25. h4 Bc6 26. Rh3 Kg7 27. Rd1 a5 28. h5 Bxd4 29. cxd4 b4 30. Qh2 Rh8 31. hxg6 hxg6 32. Rh6 Bb5 33. Qh4 Qc6 34. Kh2 Qa6 35. Bxb5 Qxb5 36. Rc1 Qe8 37. Rc5 Rxc5 38. dxc5 Qb8 39. Rxh8 Qxe5+ 40. Kh1 1-0

[Event "URU-ch sf"]
[Site "Montevideo"]
[Date "2013.02.11"]
[Round "7"]
[White "Lopez, Aldi"]
[Black "Rodriguez Lazo, Luis A"]
[Result "1-0"]
[WhiteElo "2059"]
[BlackElo "1864"]
[PlyCount "93"]
[EventDate "2013.02.08"]
[EventType "swiss"]
[EventRounds "9"]
[EventCountry "URU"]
[SourceTitle "EXT 2014"]
[Source "ChessBase"]
[SourceDate "2013.11.20"]
[SourceVersion "1"]
[SourceVersionDate "2013.11.20"]
[SourceQuality "1"]

1. d4 Nf6 2. c4 c5 3. d5 d6 4. Nc3 g6 5. e4 Bg7 6. Nge2 0-0 7. Ng3 e5 8. Be2 Na6 9. h4 h5 10. Bg5 Nc7 11. Bxh5 gxh5 12. Nxh5 Nce8 13. Qf3 Bg4 14. Nxf6+ Nxf6 15. Bxf6 Bxf3 16. Bxd8 Bxe4 17. Be7 Rfe8 18. Nxe4 Rxe7 19. Nxd6 Bh8 20. Rh3 Rf8 21. Rg3+ Kh7 22. Ne4 Kh6 23. Ke2 b6 24. Rd1 f5 25. Ng5 e4 26. Ne6 Rfe8 27. h5 Bxb2 28. Rg6+ Kh7 29. Ke3 Be5 30. g4 fxg4 31. Rxg4 a6 32. Rb1 Rb8 33. a4 a5 34. Rg6 Kh8 35. Kxe4 Bd4 36. f4 Rh7 37. h6 Bc3 38. Nxc5 Rc7 39. Ne6 Rxc4+ 40. Kf5 Rxa4 41. d6 Rd4 42. Nxd4 Bxd4 43. h7 Rf8+ 44. Ke4 Bc5 45. d7 Be7 46. Rbg1 Kxh7 47. f5 1-0

[Event "URU-ch sf"]
[Site "Montevideo"]
[Date "2013.02.11"]
[Round "6"]
[White "Lopez Falcon, Jorge"]
[Black "Lopez, Aldi"]
[Result "1-0"]
[WhiteElo "2138"]
[BlackElo "2059"]
[PlyCount "65"]
[EventDate "2013.02.08"]
[EventType "swiss"]
[EventRounds "9"]
[EventCountry "URU"]
[SourceTitle "EXT 2014"]
[Source "ChessBase"]
[SourceDate "2013.11.20"]
[SourceVersion "1"]
[SourceVersionDate "2013.11.20"]
[SourceQuality "1"]

1. d4 d5 2. c4 c6 3. Nf3 Nf6 4. Nc3 Bf5 5. Qb3 Qb6 6. c5 Qxb3 7. axb3 Nbd7 8. Bf4 Ne4 9. e3 f6 10. h3 e5 11. Bh2 Be7 12. b4 a6 13. dxe5 fxe5 14. Nxe5 Ndf6 15. Bd3 0-0 16. f3 Nxc3 17. Bxf5 Nb5 18. Be6+ Kh8 19. Nf7+ Kg8 20. Nd6+ Kh8 21. Nxb7 Rfe8 22. Bf5 Bf8 23. Kf1 g6 24. Bd3 Nd7 25. Na5 Rac8 26. Nb3 Bg7 27. Bxb5 axb5 28. Nd4 Be5 29. b3 Bxh2 30. Rxh2 Ne5 31. Ke2 Ra8 32. Rhh1 g5 33. Ra5 1-0

[Event "URU-ch sf"]
[Site "Montevideo"]
[Date "2013.02.10"]
[Round "4"]
[White "Lopez, Aldi"]
[Black "Izquierdo, Daniel"]
[Result "0-1"]
[WhiteElo "2059"]
[BlackElo "2253"]
[PlyCount "80"]
[EventDate "2013.02.08"]
[EventType "swiss"]
[EventRounds "9"]
[EventCountry "URU"]
[SourceTitle "EXT 2014"]
[Source "ChessBase"]
[SourceDate "2013.11.20"]
[SourceVersion "1"]
[SourceVersionDate "2013.11.20"]
[SourceQuality "1"]

1. d4 c5 2. d5 Nf6 3. Nf3 d6 4. g3 b5 5. Bg2 Bb7 6. c4 g6 7. 0-0 Bg7 8. Re1 0-0 9. e4 a6 10. Bg5 Nbd7 11. Nc3 b4 12. Na4 h6 13. Bxf6 Bxf6 14. e5 dxe5 15. Nd2 Qc7 16. Bh3 Nb6 17. Ne4 Nxa4 18. Nxf6+ exf6 19. Qxa4 f5 20. Re2 Bc8 21. Rae1 e4 22. f3 Bd7 23. Qc2 exf3 24. Re7 Rae8 25. Qd2 Rxe7 26. Rxe7 Qd6 27. Qe1 g5 28. Bf1 Rd8 29. Bd3 Qf6 30. Re5 Kf8 31. Qe3 Kg7 32. d6 Qxd6 33. Rd5 Qf6 34. Qxc5 Be6 35. Rxd8 Qxd8 36. Qe3 Qf6 37. Qf2 a5 38. Bf1 g4 39. Qd2 Qe5 40. Kf2 Bxc4 0-1

[Event "URU-ch sf"]
[Site "Montevideo"]
[Date "2012.02.20"]
[Round "6"]
[White "Izquierdo, Daniel"]
[Black "Lopez, Aldi"]
[Result "1-0"]
[WhiteElo "2263"]
[BlackElo "2058"]
[PlyCount "95"]
[EventDate "2012.02.17"]
[EventType "swiss"]
[EventRounds "9"]
[EventCountry "URU"]
[SourceTitle "EXT 2014"]
[Source "ChessBase"]
[SourceDate "2013.11.20"]
[SourceVersion "1"]
[SourceVersionDate "2013.11.20"]
[SourceQuality "1"]

1. d4 Nf6 2. c4 e6 3. g3 Be7 4. Bg2 d5 5. Nf3 0-0 6. 0-0 Nc6 7. b3 a5 8. Bb2 a4 9. Nbd2 a3 10. Bc3 Bb4 11. Rc1 Qe7 12. Ne5 Nxe5 13. Bxb4 Qxb4 14. dxe5 Ng4 15. cxd5 Nxe5 16. Rxc7 exd5 17. Rc1 Be6 18. Nf3 Nxf3+ 19. Bxf3 Rfd8 20. Qe1 Qxe1 21. Rfxe1 Rac8 22. Red1 g6 23. Kf1 Kf8 24. Ke1 Ke7 25. e3 h5 26. Rxc8 Rxc8 27. Bxd5 Bxd5 28. Rxd5 Ke6 29. Rd2 Ke5 30. Kd1 b5 31. Rd4 Rc3 32. Rd7 f5 33. Kd2 Rc6 34. Rd4 Rc5 35. h4 Rc6 36. f3 Rc7 37. Rd3 Ke6 38. Rc3 Ra7 39. Rc6+ Kf7 40. Rc5 b4 41. Rc4 Rb7 42. Kd3 Ke6 43. Rd4 Ke5 44. Kc4 Kf6 45. Rd6+ Kf7 46. Rc6 Re7 47. Kxb4 Rxe3 48. Rc3 1-0

[Event "Latin Cup"]
[Site "Montevideo"]
[Date "2011.11.07"]
[Round "8"]
[White "Orguim da Silva, Joao Carlos"]
[Black "Lopez, Aldi"]
[Result "0-1"]
[WhiteElo "1932"]
[BlackElo "2076"]
[PlyCount "92"]
[EventDate "2011.11.01"]
[EventType "swiss"]
[EventRounds "9"]
[EventCountry "URU"]
[SourceTitle "EXT 2012"]
[Source "ChessBase"]
[SourceDate "2011.11.24"]
[SourceVersion "1"]
[SourceVersionDate "2011.11.24"]
[SourceQuality "1"]

1. e4 e5 2. Nf3 Nc6 3. Bc4 Nf6 4. Nc3 Nxe4 5. Nxe4 d5 6. Bxd5 Qxd5 7. Nc3 Qd8 8. h3 Bc5 9. 0-0 0-0 10. d3 a6 11. Be3 Bxe3 12. fxe3 Qe7 13. a3 Rd8 14. Qe1 Be6 15. Qg3 f6 16. Nh4 Kh8 17. Rf2 b5 18. Ne4 a5 19. Raf1 b4 20. Nf5 Qf7 21. h4 Ne7 22. Nxe7 Qxe7 23. axb4 axb4 24. b3 Ra2 25. h5 f5 26. Qxe5 Rd5 27. Qg3 fxe4 28. dxe4 Rxh5 29. Qg4 g6 30. Qf4 Ra8 31. g4 Rg5 32. Rg2 Kg7 33. Qh2 Bxg4 34. Qh4 h5 35. Rf4 Ra1+ 36. Kh2 Qe5 37. Rgf2 Rd1 38. Qg3 Be6 39. Qh4 Rdg1 40. Re2 R1g3 41. Ref2 Rxe3 42. Rf1 Rxe4 43. Qxg5 Qxg5 44. Rxe4 Bd5 45. Re2 Qh4+ 46. Kg1 Qg3+ 0-1

[Event "Latin Cup"]
[Site "Montevideo"]
[Date "2011.11.06"]
[Round "9"]
[White "Lopez, Aldi"]
[Black "Cordero, Daniela"]
[Result "1/2-1/2"]
[WhiteElo "2076"]
[BlackElo "2062"]
[PlyCount "21"]
[EventDate "2011.11.01"]
[EventType "swiss"]
[EventRounds "9"]
[EventCountry "URU"]
[SourceTitle "EXT 2012"]
[Source "ChessBase"]
[SourceDate "2011.11.24"]
[SourceVersion "1"]
[SourceVersionDate "2011.11.24"]
[SourceQuality "1"]

1. Nf3 Nf6 2. d4 e6 3. Bg5 Be7 4. e3 c5 5. c3 Qb6 6. Qb3 Nc6 7. Qxb6 axb6 8. Nbd2 d5 9. Bb5 Bd7 10. 0-0 h6 11. Bf4 1/2-1/2

[Event "Latin Cup"]
[Site "Montevideo"]
[Date "2011.11.04"]
[Round "6"]
[White "Valenzuela Gomez, Fernando Alberto"]
[Black "Lopez, Aldi"]
[Result "1-0"]
[WhiteElo "2151"]
[BlackElo "2076"]
[PlyCount "77"]
[EventDate "2011.11.01"]
[EventType "swiss"]
[EventRounds "9"]
[EventCountry "URU"]
[SourceTitle "EXT 2012"]
[Source "ChessBase"]
[SourceDate "2011.11.24"]
[SourceVersion "1"]
[SourceVersionDate "2011.11.24"]
[SourceQuality "1"]

1. d4 d5 2. c4 c6 3. Nf3 Nf6 4. Qc2 Ne4 5. e3 e6 6. Bd3 f5 7. 0-0 Bd6 8. b3 Nd7 9. Bb2 Qf6 10. cxd5 exd5 11. Nfd2 Qh6 12. f4 g5 13. Ba3 Bc7 14. Nxe4 fxe4 15. Bxe4 Nf6 16. Bf5 gxf4 17. Bxc8 Rxc8 18. Qf5 Kf7 19. Nd2 Rhg8 20. Nf3 Qh5 21. Qxh5+ Nxh5 22. exf4 Rg4 23. g3 Re8 24. Ne5+ Bxe5 25. dxe5 Ng7 26. Kf2 Nf5 27. Rg1 Reg8 28. Rae1 Ke6 29. Rd1 h5 30. Rd3 h4 31. Bb4 h3 32. Bd2 R4g7 33. g4 Rxg4 34. Rxg4 Rxg4 35. Rxh3 Nh4 36. Rg3 Rg6 37. Rxg6+ Nxg6 38. Kg3 c5 39. Kg4 1-0

[Event "Latin Cup"]
[Site "Montevideo"]
[Date "2011.11.03"]
[Round "4"]
[White "Crespo, Antonio Rogerio"]
[Black "Lopez, Aldi"]
[Result "0-1"]
[WhiteElo "2153"]
[BlackElo "2076"]
[PlyCount "128"]
[EventDate "2011.11.01"]
[EventType "swiss"]
[EventRounds "9"]
[EventCountry "URU"]
[SourceTitle "EXT 2012"]
[Source "ChessBase"]
[SourceDate "2011.11.24"]
[SourceVersion "1"]
[SourceVersionDate "2011.11.24"]
[SourceQuality "1"]

1. e4 Nf6 2. e5 Nd5 3. d4 d6 4. Nf3 g6 5. c4 Nb6 6. exd6 cxd6 7. Nc3 Bg7 8. Be3 Nc6 9. h3 Bd7 10. Be2 0-0 11. 0-0 a5 12. Qd2 Re8 13. c5 Nc8 14. Rfd1 a4 15. Rac1 Nb4 16. Nb5 Nd5 17. Bg5 Qa5 18. cxd6 exd6 19. Nc7 Nxc7 20. Qxa5 Rxa5 21. Rxc7 Bc6 22. Bc4 d5 23. Bd3 f6 24. Bd2 Ra8 25. Rc1 Bf8 26. Bf4 Bd6 27. Rxc8 Bxf4 28. Rxe8+ Rxe8 29. Rc2 a3 30. b3 Bd6 31. Kf1 Bb4 32. Re2 Rc8 33. Rc2 Kf7 34. Be2 Bd6 35. Ne1 Re8 36. Bd3 Bd7 37. Re2 Rb8 38. Nc2 b5 39. b4 Rc8 40. g3 Bxh3+ 41. Ke1 Bd7 42. Kd2 h5 43. Re1 g5 44. Rh1 Rh8 45. Kc3 h4 46. Nxa3 Rc8+ 47. Kb3 hxg3 48. fxg3 Bxg3 49. Rh7+ Ke6 50. Nxb5 Rg8 51. Nc3 Bc6 52. b5 Ba8 53. a4 g4 54. Bf1 f5 55. a5 f4 56. b6 Bc6 57. a6 f3 58. Rh6+ Kd7 59. Rh7+ Kc8 60. Nb5 Bb8 61. Na7+ Bxa7 62. Rxa7 g3 63. Rc7+ Kb8 64. Rxc6 g2 0-1